<?xml version="1.0" encoding="UTF-8"?>
<marc:record xmlns:marc="http://www.loc.gov/MARC21/slim">
   <marc:leader>00000nam a2200000 a 4500</marc:leader>
   <marc:datafield ind1="1" ind2=" " tag="100">
      <marc:subfield code="a">Maly, Beate</marc:subfield>
      <marc:subfield code="4">aut</marc:subfield>
      <marc:subfield code="e">Verfasser/-in</marc:subfield>
   </marc:datafield>
   <marc:datafield ind1=" " ind2=" " tag="653">
      <marc:subfield code="a">Adel</marc:subfield>
   </marc:datafield>
   <marc:datafield ind1=" " ind2=" " tag="653">
      <marc:subfield code="a">Kaffeehaus-Krimi</marc:subfield>
   </marc:datafield>
   <marc:datafield ind1=" " ind2=" " tag="653">
      <marc:subfield code="a">Habsburger</marc:subfield>
   </marc:datafield>
   <marc:datafield ind1=" " ind2=" " tag="653">
      <marc:subfield code="a">Ballsaison</marc:subfield>
   </marc:datafield>
   <marc:datafield ind1=" " ind2=" " tag="653">
      <marc:subfield code="a">Kaiserreich</marc:subfield>
   </marc:datafield>
   <marc:datafield ind1=" " ind2=" " tag="653">
      <marc:subfield code="a">Kuk-Monarchie</marc:subfield>
   </marc:datafield>
   <marc:datafield ind1=" " ind2=" " tag="653">
      <marc:subfield code="a">Mord im kaiserlichen Wien</marc:subfield>
   </marc:datafield>
   <marc:datafield ind1=" " ind2=" " tag="653">
      <marc:subfield code="a">Aristokratie</marc:subfield>
   </marc:datafield>
   <marc:datafield ind1=" " ind2=" " tag="653">
      <marc:subfield code="a">High Society</marc:subfield>
   </marc:datafield>
   <marc:datafield ind1=" " ind2=" " tag="653">
      <marc:subfield code="a">junge Gräfin</marc:subfield>
   </marc:datafield>
   <marc:datafield ind1="0" ind2="0" tag="245">
      <marc:subfield code="a">Aurelia und die Jagd nach dem Glück</marc:subfield>
   </marc:datafield>
   <marc:datafield ind1="0" ind2="0" tag="245">
      <marc:subfield code="b">ein historischer Wien-Krimi</marc:subfield>
   </marc:datafield>
   <marc:datafield ind1="0" ind2="0" tag="245">
      <marc:subfield code="c">Maly, Beate</marc:subfield>
   </marc:datafield>
   <marc:datafield ind1=" " ind2="1" tag="264">
      <marc:subfield code="a">Köln</marc:subfield>
      <marc:subfield code="b">DuMont</marc:subfield>
      <marc:subfield code="c">2025</marc:subfield>
   </marc:datafield>
   <marc:datafield ind1=" " ind2=" " tag="250">
      <marc:subfield code="a">1. Auflage</marc:subfield>
   </marc:datafield>
   <marc:datafield ind1="1" ind2=" " tag="520">
      <marc:subfield code="a">1872, Ballsaison in Wien: keine gute Zeit für junge Gräfinnen, die sich nicht verheiraten lassen wollen. Der Rest der Stadt ist im Glücksrausch, Lose sind die Vergnügung der Stunde. Freiherr von Sothen hat mit dem Verkauf von Lotterielosen sein Geschäft gemacht und viele Leute arm. In Glanz und Gloria lebt er in einem Schlösschen am Cobenzl – bis er erschossen wird. Pech für den gierigen Freiherrn, Glück für Oberinspektor Janek Pokorny, denn wenn ein Mord in bester Gesellschaft geschieht, ist die junge Gräfin Aurelia von Kolowitz nicht weit. Doch die adelige Hobbykriminalistin hat andere Sorgen: Ihr Verleger möchte ihre Karikaturen nicht mehr drucken, ihr Vater will sie an einen Süßwarenfabrikanten verheiraten, und Janek hat sich nach ihrem letzten Fall nie wieder bei ihr gemeldet. Wie immer machen die Männer um Aurelia herum also nichts als Ärger. Doch dann tritt die Witwe des Freiherrn auf den Plan – und die stellt, was Niedertracht betrifft, noch so manchen Mann in den &#xD;
Schatten.&#xD;
&#xD;
Die Aurelia von Kolowitz Reihe:&#xD;
Band 1: Aurelia und die letzte Fahrt &#xD;
Band 2: Aurelia und die Melodie des Todes &#xD;
Band 3: Aurelia und die Jagd nach dem Glück&#xD;
&#xD;
Alle Bände sind eigenständige Fälle und können unabhängig voneinander gelesen werden .</marc:subfield>
   </marc:datafield>
   <marc:datafield ind1=" " ind2=" " tag="020">
      <marc:subfield code="a">9783755800132</marc:subfield>
      <marc:subfield code="9">9783755800132</marc:subfield>
   </marc:datafield>
   <marc:datafield ind1=" " ind2=" " tag="020">
      <marc:subfield code="a">3755800136</marc:subfield>
      <marc:subfield code="9">3755800136</marc:subfield>
   </marc:datafield>
   <marc:datafield ind1=" " ind2=" " tag="041">
      <marc:subfield code="a">ger</marc:subfield>
   </marc:datafield>
   <marc:datafield ind1=" " ind2=" " tag="338">
      <marc:subfield code="a">Band</marc:subfield>
   </marc:datafield>
   <marc:datafield ind1=" " ind2=" " tag="300">
      <marc:subfield code="a">349 Seiten</marc:subfield>
   </marc:datafield>
</marc:record>
